000
00332nam a22001337a 4500
005
20250521121358.0
008
250429b |||||||| |||| 00| 0 eng d
020
_a
8189411896
100
_a
Bagad, V.
245
_a
Management Information Systems
260
_a
Pune
_b
Technical Publications
_c
2006
300
_a
318pp.
942
_c
BK
999
_c
366054
_d
366054